| 000 | 00600nam a2200205Ia 4500 | ||
|---|---|---|---|
| 003 | IN-BaIIA | ||
| 008 | 211028s9999 xx 000 0 eng d | ||
| 040 | _cIIA Library | ||
| 080 |
_a539.19 _bGRE |
||
| 100 |
_aGreen, Herbert S _97009 |
||
| 245 | 4 |
_aThe molecular theory of fluids _cHerbert S. Green |
|
| 260 |
_aNew York _bDover Publications _c1969 |
||
| 300 | _aix, 264p. | ||
| 490 | _aDover books on physics and mathematical physics | ||
| 650 |
_aMolecular flow _97010 |
||
| 650 |
_aMolecular interactions _94005 |
||
| 650 |
_aMolecular physics _91914 |
||
| 650 | _aNASA thesaurus | ||
| 942 | _cBK | ||
| 999 |
_c3953 _d3953 |
||